02037 2200793 4500001002100000005001500021035002000036007000300056008004100059020002200100082000800122084001400130100002600144245011100170250001100281260003000292300002300322650002400345700002400369700003400393990001700427990001700444990001700461990001700478990001700495990001700512990001700529990001700546990001700563990001700580990001700597990001700614990001700631990001700648990001700665990001700682990001700699990001700716990001700733990001700750990001700767990001700784990001700801990001700818990001700835990001700852990001700869990001700886990001700903990001700920990001700937990001700954990001700971990001700988990001701005990001701022990001701039990001701056990001701073990001701090990001701107990001701124990001701141990001701158990001701175990001701192990001701209990001701226INLIS00000000000049320221214101014 a0010-1222000224ta221214 g 0 ger  a978-979-8060-52-6 a433 a433 SRI k0 aSri Sukesi Adiwimarta1 aKamus Universal Langenscheidt /cSri Sukesi Adiwimarta, Setiawati Darmojuno, Elizabeth Soeprapto- Hastrich aCet.14 aJakarta :bKatalis,c2014 a352 hlm. ;c10 cm. 4aKamus Bahasa Jerman0 aSetiawati Darmojuno0 aElizabeth Soeprapto- Hastrich a202100100528 a202100100529 a202100100530 a202100100531 a202100100532 a202100100533 a202100100534 a202100100535 a202100100536 a202100100537 a202100100538 a202100100539 a202100100540 a202100100541 a202100100542 a202100100543 a202100100544 a202100100545 a202100100546 a202100100547 a202100100548 a202100100549 a202100100550 a202100100551 a202100100552 a202100100553 a202100100554 a202100100555 a201400100044 a201400100045 a201400100046 a201400100047 a201400100048 a201400100049 a201400100050 a201400100051 a201400100052 a201400100053 a201400100054 a201400100055 a201400100056 a201400100057 a201400100058 a201400100059 a201400100060 a201400100061 a201400100062 a201400100063